| 000 | 00653cam a2200205 4500 | ||
|---|---|---|---|
| 001 | 3250 | ||
| 005 | 20181127170847.0 | ||
| 008 | 050804s2005 ii b 001 0 eng | ||
| 010 | _a 2005323866 | ||
| 020 | _a9780143062127 | ||
| 043 | _aa-ii--- | ||
| 100 | 1 | _aJalan, Bimal. | |
| 245 | 1 | 4 |
_aThe future of India : _bpolitics, economics, and governance / _cBimal Jalan. |
| 260 |
_aNew Delhi ; _bPenguin Books, _c2007. |
||
| 300 |
_axiii, 212 p. ; _c22 cm. |
||
| 504 | _aIncludes bibliographical references and index. | ||
| 650 | 0 |
_aPolitical corruption _zIndia. |
|
| 651 | 0 |
_aIndia _xEconomic policy _y1991- |
|
| 651 | 0 |
_aIndia _xPolitics and government _y1977- |
|
| 999 |
_c2627 _d2627 |
||